00501nam a2200205Ia 4500003000900000008004100009040001300050040001300063041000800076100002000084245003200104250001100136260001900147260000900166300001100175300001200186490002200198490000800220600006700228IT-RoPAU120407s9999 xx 000 0 und d aIT-RoPAU cIT-RoPAU aita aBattista Mondin aI teologi della speranza... aTorino aBorla (Rosada) c1970 a151 p. c20,5 cm aLe idee e la vita v151 a"1. Teologia, Sec. XX. 230 BNI 70-87"